CYBER FORENSIC : A LEGAL PERSPECTIVE OF DATA PROTECTION (Record no. 16491)

MARC details
000 -LEADER
fixed length control field 00345nam a22001457a 4500
003 - CONTROL NUMBER IDENTIFIER
control field SGT
020 ## - INTERNATIONAL STANDARD BOOK NUMBER
International Standard Book Number 9788189128760
082 ## - DEWEY DECIMAL CLASSIFICATION NUMBER
Item number UKE
100 ## - MAIN ENTRY--PERSONAL NAME
Personal name UKEY KEVAL DR.
245 ## - TITLE STATEMENT
Title CYBER FORENSIC : A LEGAL PERSPECTIVE OF DATA PROTECTION
250 ## - EDITION STATEMENT
Edition statement 1ST
260 ## - PUBLICATION, DISTRIBUTION, ETC. (IMPRINT)
Name of publisher, distributor, etc SELECTIVE& SCIENTIFIC BOOK
Year of Publication 2018
300 ## - PAGE DESCRIPTION
No. of Pages 386
942 ## - ADDED ENTRY ELEMENTS (KOHA)
Source of classification or shelving scheme Dewey Decimal Classification
Koha item type Books
942 ## - ADDED ENTRY ELEMENTS (KOHA)
-- 25
Holdings
Withdrawn status Lost status Source of classification or shelving scheme Damaged status Not for loan Collection code Home library Current library Shelving location Date acquired Vendor Name Cost, normal purchase price SGTU Bill Number Total Checkouts Full call number Accession No. (Barcode) Date last seen Date last borrowed Bill Date Koha item type
    Dewey Decimal Classification     SCIENCE SGT Science & Social Sciences Library SGT Science & Social Sciences Library Text Book 14/01/2019 SELECTIVE & SCIENTIFIC BOOKS 495.00 SGTU 2796 16 UKE PS5617 23/03/2026 23/03/2026 14/01/2019 Books
    Dewey Decimal Classification     SCIENCE SGT Science & Social Sciences Library SGT Science & Social Sciences Library Text Book 14/01/2019 SELECTIVE & SCIENTIFIC BOOKS 495.00 SGTU 2796 14 UKE PS5618 12/08/2023 03/08/2023 14/01/2019 Books
    Dewey Decimal Classification     SCIENCE SGT Science & Social Sciences Library SGT Science & Social Sciences Library Text Book 14/01/2019 SELECTIVE & SCIENTIFIC BOOKS 495.00 SGTU 2796 11 UKE PS5619 17/04/2023 28/03/2023 14/01/2019 Books
    Dewey Decimal Classification     SCIENCE SGT Science & Social Sciences Library SGT Science & Social Sciences Library Text Book 14/01/2019 SELECTIVE & SCIENTIFIC BOOKS 495.00 SGTU 2796 8 UKE PS5620 28/03/2024 14/03/2024 14/01/2019 Books
    Dewey Decimal Classification     SCIENCE SGT Science & Social Sciences Library SGT Science & Social Sciences Library Text Book 14/01/2019 SELECTIVE & SCIENTIFIC BOOKS 495.00 SGTU 2796 17 UKE PS5621 04/10/2024 20/09/2024 14/01/2019 Books